Statistiques concernant Prénoms de stars célèbres - Série 20

Cliquez ici pour prendre le quiz!

Statistiques générales

  • Ce quiz a été pris 131 fois
  • Le résultat moyen est 5 sur 10

Statistiques - réponses

NomPrénom% Correct
DarmonGérard
95%
CornillacClovis
84%
CampanBernard
79%
BouiseJean
77%
ChesnaisPatrick
58%
AngladeJean-Hugues
50%
DennerCharles
39%
DalbanRobert
20%
AumontJean-Pierre
18%
BaurHarry
15%

Distribution des résultats

Percentile par nombre de réponses

% des personnes avec chaque résultat

Votre développement - résultats

Vous n’avez pas pris ce quiz